[Event "European Chess Club Cup 2023"]
[Site "Durres, Albania"]
[Date "2023.10.02"]
[Round "2.8"]
[White "Wadsworth, Matthew J"]
[Black "Sadhwani, Raunak"]
[Result "0-1"]
[TimeControl "90' + 30' & 30\""]
[WhiteElo "2446"]
[BlackElo "2641"]

1. d4 {[%clk 01:30:49]} {[%emt 00:00:11]} Nf6 {[%clk 01:30:54]} {[%emt
00:00:07]} 2. c4 {[%clk 01:31:10]} {[%emt 00:00:09]} e6 {[%clk 01:31:19]}
{[%emt 00:00:04]} 3. Nf3 {[%clk 01:31:24]} {[%emt 00:00:16]} b6 {[%clk
01:31:42]} {[%emt 00:00:07]} 4. g3 {[%clk 01:31:22]} {[%emt 00:00:32]} Bb7
{[%clk 01:32:07]} {[%emt 00:00:05]} 5. Bg2 {[%clk 01:31:21]} {[%emt 00:00:31]}
Be7 {[%clk 01:32:32]} {[%emt 00:00:05]} 6. O-O {[%clk 01:31:10]} {[%emt
00:00:41]} O-O {[%clk 01:32:57]} {[%emt 00:00:06]} 7. Re1 {[%clk 01:31:29]}
{[%emt 00:00:11]} a5 {[%clk 01:33:22]} {[%emt 00:00:04]} 8. h4 {[%clk
01:27:10]} {[%emt 00:04:50]} h6 {[%clk 01:33:26]} {[%emt 00:00:26]} 9. Nc3
{[%clk 01:22:17]} {[%emt 00:05:22]} Bb4 {[%clk 01:28:29]} {[%emt 00:05:27]} 10.
Qc2 {[%clk 01:14:45]} {[%emt 00:08:02]} Bxc3 {[%clk 01:25:42]} {[%emt
00:03:18]} 11. Qxc3 {[%clk 01:11:36]} {[%emt 00:03:38]} d6 {[%clk 01:26:00]}
{[%emt 00:00:11]} 12. b3 {[%clk 01:04:30]} {[%emt 00:07:37]} Nbd7 {[%clk
01:25:30]} {[%emt 00:01:00]} 13. a3 {[%clk 01:02:25]} {[%emt 00:02:34]} Qb8
{[%clk 01:24:49]} {[%emt 00:01:12]} 14. Bb2 {[%clk 00:58:57]} {[%emt 00:03:58]}
Ne4 {[%clk 01:16:14]} {[%emt 00:09:05]} 15. Qc2 {[%clk 00:55:36]} {[%emt
00:03:51]} f5 {[%clk 01:16:13]} {[%emt 00:00:31]} 16. d5 {[%clk 00:45:32]}
{[%emt 00:10:34]} e5 {[%clk 01:15:06]} {[%emt 00:01:38]} 17. Bh3 {[%clk
00:45:40]} {[%emt 00:00:22]} Qe8 {[%clk 01:08:59]} {[%emt 00:06:36]} 18. Bxf5
{[%clk 00:35:18]} {[%emt 00:10:52]} Rxf5 {[%clk 01:09:23]} {[%emt 00:00:06]} 19.
Qxe4 {[%clk 00:35:44]} {[%emt 00:00:04]} Qf7 {[%clk 01:09:27]} {[%emt
00:00:26]} 20. Rad1 {[%clk 00:34:17]} {[%emt 00:01:57]} Rf8 {[%clk 01:03:42]}
{[%emt 00:06:16]} 21. Rf1 {[%clk 00:32:36]} {[%emt 00:02:10]} b5 {[%clk
01:01:19]} {[%emt 00:02:53]} 22. Bc1 {[%clk 00:24:36]} {[%emt 00:08:31]} bxc4
{[%clk 00:50:16]} {[%emt 00:11:32]} 23. bxc4 {[%clk 00:23:50]} {[%emt
00:01:16]} Bc8 {[%clk 00:50:10]} {[%emt 00:00:36]} 24. Qe3 {[%clk 00:19:19]}
{[%emt 00:05:02]} Ba6 {[%clk 00:47:25]} {[%emt 00:03:15]} 25. Qe4 {[%clk
00:16:05]} {[%emt 00:03:43]} Nb6 {[%clk 00:43:12]} {[%emt 00:04:43]} 26. c5
{[%clk 00:14:15]} {[%emt 00:02:20]} Na4 {[%clk 00:42:47]} {[%emt 00:00:54]} 27.
Bd2 {[%clk 00:09:26]} {[%emt 00:05:21]} Nxc5 {[%clk 00:42:23]} {[%emt
00:00:54]} 28. Qe3 {[%clk 00:09:54]} {[%emt 00:00:02]} Bxe2 {[%clk 00:37:44]}
{[%emt 00:05:08]} 29. Qxe2 {[%clk 00:10:11]} {[%emt 00:00:13]} Rxf3 {[%clk
00:38:11]} {[%emt 00:00:04]} 30. Be3 {[%clk 00:06:28]} {[%emt 00:04:13]} Ne4
{[%clk 00:37:38]} {[%emt 00:01:02]} 31. Rc1 {[%clk 00:06:26]} {[%emt 00:00:32]}
Qg6 {[%clk 00:36:13]} {[%emt 00:01:55]} 32. Ba7 {[%clk 00:02:37]} {[%emt
00:04:19]} Qg4 {[%clk 00:35:29]} {[%emt 00:01:15]} 33. Qc4 {[%clk 00:01:48]}
{[%emt 00:01:19]} R8f4 {[%clk 00:35:48]} {[%emt 00:00:11]} 0-1

[Event "European Chess Club Cup 2023"]
[Site "Durres, Albania"]
[Date "2023.10.02"]
[Round "2.9"]
[White "Tari, Aryan"]
[Black "Willow, Jonah B"]
[Result "1-0"]
[TimeControl "90' + 30' & 30\""]
[WhiteElo "2619"]
[BlackElo "2425"]

1. e4 {[%clk 01:30:50]} {[%emt 00:00:09]} c5 {[%clk 01:30:27]} {[%emt
00:00:34]} 2. Nf3 {[%clk 01:31:08]} {[%emt 00:00:12]} e6 {[%clk 01:30:25]}
{[%emt 00:00:32]} 3. Nc3 {[%clk 01:31:23]} {[%emt 00:00:15]} Nc6 {[%clk
01:30:04]} {[%emt 00:00:51]} 4. h3 {[%clk 01:31:46]} {[%emt 00:00:07]} a6
{[%clk 01:22:59]} {[%emt 00:07:36]} 5. d4 {[%clk 01:31:49]} {[%emt 00:00:26]}
cxd4 {[%clk 01:23:17]} {[%emt 00:00:13]} 6. Nxd4 {[%clk 01:32:12]} {[%emt
00:00:07]} Qc7 {[%clk 01:21:40]} {[%emt 00:02:06]} 7. Nxc6 {[%clk 01:32:33]}
{[%emt 00:00:10]} Qxc6 {[%clk 01:17:08]} {[%emt 00:05:02]} 8. a4 {[%clk
01:31:57]} {[%emt 00:01:06]} Bc5 {[%clk 01:12:05]} {[%emt 00:05:32]} 9. Bd3
{[%clk 01:23:23]} {[%emt 00:09:04]} Ne7 {[%clk 01:09:34]} {[%emt 00:02:59]} 10.
O-O {[%clk 01:20:47]} {[%emt 00:03:07]} O-O {[%clk 01:05:43]} {[%emt 00:04:22]}
11. e5 {[%clk 01:15:53]} {[%emt 00:05:24]} Ng6 {[%clk 00:48:51]} {[%emt
00:17:23]} 12. Qh5 {[%clk 01:13:55]} {[%emt 00:02:27]} d5 {[%clk 00:45:59]}
{[%emt 00:03:22]} 13. a5 {[%clk 00:57:41]} {[%emt 00:16:44]} Bd7 {[%clk
00:43:52]} {[%emt 00:02:37]} 14. Ra4 {[%clk 00:53:18]} {[%emt 00:04:53]} d4
{[%clk 00:36:44]} {[%emt 00:07:38]} 15. Rc4 {[%clk 00:48:42]} {[%emt 00:05:06]}
dxc3 {[%clk 00:34:41]} {[%emt 00:02:34]} 16. b4 {[%clk 00:45:31]} {[%emt
00:03:40]} Rfc8 {[%clk 00:19:27]} {[%emt 00:15:45]} 17. bxc5 {[%clk 00:41:07]}
{[%emt 00:04:54]} Be8 {[%clk 00:14:45]} {[%emt 00:05:11]} 18. Be3 {[%clk
00:35:47]} {[%emt 00:05:50]} Qc7 {[%clk 00:13:23]} {[%emt 00:01:52]} 19. Rb1
{[%clk 00:29:15]} {[%emt 00:07:02]} Rd8 {[%clk 00:05:09]} {[%emt 00:08:45]} 20.
c6 {[%clk 00:25:43]} {[%emt 00:04:02]} bxc6 {[%clk 00:04:58]} {[%emt 00:00:40]}
21. Bb6 {[%clk 00:24:26]} {[%emt 00:01:47]} Qb8 {[%clk 00:05:16]} {[%emt
00:00:12]} 22. Be4 {[%clk 00:19:06]} {[%emt 00:05:49]} Rd2 {[%clk 00:03:42]}
{[%emt 00:02:05]} 23. Rxc3 {[%clk 00:17:52]} {[%emt 00:01:44]} h6 {[%clk
00:03:52]} {[%emt 00:00:21]} 24. Rc5 {[%clk 00:16:21]} {[%emt 00:02:00]} Qb7
{[%clk 00:02:41]} {[%emt 00:01:41]} 25. Qf3 {[%clk 00:16:01]} {[%emt 00:00:50]}
Qe7 {[%clk 00:02:13]} {[%emt 00:00:58]} 26. g3 {[%clk 00:10:54]} {[%emt
00:05:37]} Rb8 {[%clk 00:02:02]} {[%emt 00:00:42]} 27. Qc3 {[%clk 00:10:11]}
{[%emt 00:01:12]} Rdd8 {[%clk 00:01:34]} {[%emt 00:00:57]} 28. Re1 {[%clk
00:10:16]} {[%emt 00:00:25]} Rdc8 {[%clk 00:01:46]} {[%emt 00:00:20]} 29. Rc4
{[%clk 00:08:23]} {[%emt 00:02:23]} Qg5 {[%clk 00:01:29]} {[%emt 00:00:47]} 30.
h4 {[%clk 00:07:38]} {[%emt 00:01:15]} Qxe5 {[%clk 00:00:48]} {[%emt 00:01:10]}
31. Bd4 {[%clk 00:08:06]} {[%emt 00:00:02]} Qc7 {[%clk 00:01:03]} {[%emt
00:00:16]} 32. h5 {[%clk 00:06:01]} {[%emt 00:02:34]} f5 {[%clk 00:01:02]}
{[%emt 00:00:31]} 33. Bf3 {[%clk 00:06:16]} {[%emt 00:00:14]} Ne7 {[%clk
00:00:36]} {[%emt 00:00:57]} 34. Be5 {[%clk 00:05:20]} {[%emt 00:01:26]} Qd7
{[%clk 00:00:39]} {[%emt 00:00:28]} 35. Bxb8 {[%clk 00:05:34]} {[%emt
00:00:16]} Rxb8 {[%clk 00:01:08]} 36. Rb4 {[%clk 00:05:28]} {[%emt 00:00:35]}
Rxb4 {[%clk 00:00:55]} {[%emt 00:00:44]} 37. Qxb4 {[%clk 00:05:56]} {[%emt
00:00:01]} Kh7 {[%clk 00:00:55]} {[%emt 00:00:30]} 38. Qc4 {[%clk 00:05:48]}
{[%emt 00:00:38]} Nd5 {[%clk 00:00:36]} {[%emt 00:00:50]} 39. Qxa6 {[%clk
00:05:51]} {[%emt 00:00:27]} 1-0

[Event "European Chess Club Cup 2023"]
[Site "Durres, Albania"]
[Date "2023.10.02"]
[Round "2.10"]
[White "Derakhshani, Borna"]
[Black "Pranav, V"]
[Result "1-0"]
[TimeControl "90' + 30' & 30\""]
[WhiteElo "2358"]
[BlackElo "2579"]

1. e4 {[%clk 01:30:57]} {[%emt 00:00:02]} c6 {[%clk 01:28:45]} {[%emt
00:02:05]} 2. Nf3 {[%clk 01:30:54]} {[%emt 00:00:43]} d5 {[%clk 01:29:03]}
{[%emt 00:00:12]} 3. Nc3 {[%clk 01:31:20]} {[%emt 00:00:04]} Bg4 {[%clk
01:29:23]} {[%emt 00:00:10]} 4. h3 {[%clk 01:31:45]} {[%emt 00:00:06]} Bxf3
{[%clk 01:29:46]} {[%emt 00:00:07]} 5. Qxf3 {[%clk 01:32:10]} {[%emt 00:00:05]}
e6 {[%clk 01:30:08]} {[%emt 00:00:08]} 6. Be2 {[%clk 01:32:07]} {[%emt
00:00:33]} Bc5 {[%clk 01:30:11]} {[%emt 00:00:27]} 7. O-O {[%clk 01:32:30]}
{[%emt 00:00:06]} Ne7 {[%clk 01:27:32]} {[%emt 00:03:10]} 8. Rd1 {[%clk
01:31:45]} {[%emt 00:01:15]} Bd4 {[%clk 01:23:01]} {[%emt 00:05:01]} 9. Bf1
{[%clk 01:27:04]} {[%emt 00:05:11]} O-O {[%clk 01:16:19]} {[%emt 00:07:11]} 10.
Ne2 {[%clk 01:26:30]} {[%emt 00:01:04]} Bb6 {[%clk 01:15:53]} {[%emt 00:00:56]}
11. d4 {[%clk 01:25:45]} {[%emt 00:01:16]} Nd7 {[%clk 01:16:00]} {[%emt
00:00:23]} 12. Ng3 {[%clk 01:20:00]} {[%emt 00:06:15]} Rc8 {[%clk 01:11:32]}
{[%emt 00:04:57]} 13. c3 {[%clk 01:16:19]} {[%emt 00:04:11]} Ng6 {[%clk
01:05:20]} {[%emt 00:06:42]} 14. Bd3 {[%clk 01:09:27]} {[%emt 00:07:22]} Bc7
{[%clk 00:56:31]} {[%emt 00:09:19]} 15. Nh5 {[%clk 00:38:11]} {[%emt 00:31:46]}
Qh4 {[%clk 00:50:56]} {[%emt 00:06:06]} 16. Qg4 {[%clk 00:36:25]} {[%emt
00:02:16]} Qe7 {[%clk 00:44:40]} {[%emt 00:06:45]} 17. Re1 {[%clk 00:24:53]}
{[%emt 00:12:03]} Rce8 {[%clk 00:35:54]} {[%emt 00:09:15]} 18. e5 {[%clk
00:21:02]} {[%emt 00:04:21]} f5 {[%clk 00:35:56]} {[%emt 00:00:29]} 19. Qe2
{[%clk 00:19:00]} {[%emt 00:02:32]} c5 {[%clk 00:34:01]} {[%emt 00:02:25]} 20.
f4 {[%clk 00:18:24]} {[%emt 00:01:07]} Bb6 {[%clk 00:27:44]} {[%emt 00:06:46]}
21. Be3 {[%clk 00:18:29]} {[%emt 00:00:25]} Rc8 {[%clk 00:27:52]} {[%emt
00:00:21]} 22. a3 {[%clk 00:17:07]} {[%emt 00:01:53]} cxd4 {[%clk 00:25:40]}
{[%emt 00:02:41]} 23. cxd4 {[%clk 00:17:27]} {[%emt 00:00:10]} Nb8 {[%clk
00:25:55]} {[%emt 00:00:15]} 24. Rad1 {[%clk 00:15:22]} {[%emt 00:02:35]} Nc6
{[%clk 00:25:59]} {[%emt 00:00:26]} 25. Bb1 {[%clk 00:15:42]} {[%emt 00:00:11]}
Qh4 {[%clk 00:22:32]} {[%emt 00:03:57]} 26. Kh2 {[%clk 00:13:32]} {[%emt
00:02:40]} Rf7 {[%clk 00:22:39]} {[%emt 00:00:23]} 27. Rf1 {[%clk 00:12:34]}
{[%emt 00:01:28]} Nf8 {[%clk 00:21:00]} {[%emt 00:02:08]} 28. g3 {[%clk
00:10:33]} {[%emt 00:02:32]} Qd8 {[%clk 00:21:27]} {[%emt 00:00:02]} 29. g4
{[%clk 00:10:47]} {[%emt 00:00:18]} g6 {[%clk 00:17:07]} {[%emt 00:04:49]} 30.
Nf6+ {[%clk 00:09:43]} {[%emt 00:01:33]} Rxf6 {[%clk 00:17:29]} {[%emt
00:00:09]} 31. exf6 {[%clk 00:10:13]} Qxf6 {[%clk 00:17:48]} {[%emt 00:00:10]}
32. Qf2 {[%clk 00:09:36]} {[%emt 00:01:07]} Na5 {[%clk 00:17:01]} {[%emt
00:01:17]} 33. Ba2 {[%clk 00:08:40]} {[%emt 00:01:26]} Nd7 {[%clk 00:13:49]}
{[%emt 00:03:42]} 34. Rc1 {[%clk 00:08:13]} {[%emt 00:00:57]} Nc6 {[%clk
00:12:21]} {[%emt 00:01:57]} 35. b4 {[%clk 00:07:15]} {[%emt 00:01:29]} Rf8
{[%clk 00:11:12]} {[%emt 00:01:39]} 36. g5 {[%clk 00:07:12]} {[%emt 00:00:33]}
Qg7 {[%clk 00:11:04]} {[%emt 00:00:37]} 37. Rfd1 {[%clk 00:06:32]} {[%emt
00:01:10]} h6 {[%clk 00:11:20]} {[%emt 00:00:15]} 38. b5 {[%clk 00:06:06]}
{[%emt 00:00:55]} Ne7 {[%clk 00:11:39]} {[%emt 00:00:12]} 39. h4 {[%clk
00:01:48]} {[%emt 00:04:48]} Nc8 {[%clk 00:09:47]} {[%emt 00:02:21]} 40. Qe1
{[%clk 00:01:58]} {[%emt 00:00:21]} Nd6 {[%clk 00:06:40]} {[%emt 00:03:36]} 41.
a4 {[%clk 00:29:13]} {[%emt 00:03:16]} Ne4 {[%clk 00:35:55]} {[%emt 00:01:15]}
42. Kg2 {[%clk 00:28:08]} {[%emt 00:01:35]} Qe7 {[%clk 00:34:43]} {[%emt
00:01:42]} 43. Rd3 {[%clk 00:27:13]} {[%emt 00:01:24]} Qd8 {[%clk 00:34:20]}
{[%emt 00:00:53]} 44. Bd2 {[%clk 00:24:40]} {[%emt 00:03:04]} Kf7 {[%clk
00:32:57]} {[%emt 00:01:53]} 45. a5 {[%clk 00:16:17]} {[%emt 00:08:53]} Bc7
{[%clk 00:33:25]} {[%emt 00:00:02]} 46. a6 {[%clk 00:16:35]} {[%emt 00:00:12]}
bxa6 {[%clk 00:32:18]} {[%emt 00:01:37]} 47. bxa6 {[%clk 00:17:00]} {[%emt
00:00:05]} hxg5 {[%clk 00:32:08]} {[%emt 00:00:40]} 48. hxg5 {[%clk 00:16:58]}
{[%emt 00:00:32]} Rh8 {[%clk 00:31:37]} {[%emt 00:01:01]} 49. Rh3 {[%clk
00:13:24]} {[%emt 00:04:04]} Bb6 {[%clk 00:22:30]} {[%emt 00:09:37]} 50. Be3
{[%clk 00:12:41]} {[%emt 00:01:13]} Rxh3 {[%clk 00:20:21]} {[%emt 00:02:39]} 51.
Kxh3 {[%clk 00:13:11]} {[%emt 00:00:01]} Qe7 {[%clk 00:17:40]} {[%emt
00:03:10]} 52. Ra1 {[%clk 00:08:38]} {[%emt 00:05:03]} Kg8 {[%clk 00:15:58]}
{[%emt 00:02:12]} 53. Bb1 {[%clk 00:08:28]} {[%emt 00:00:40]} Nd6 {[%clk
00:10:09]} {[%emt 00:06:19]} 54. Bd3 {[%clk 00:07:18]} {[%emt 00:01:40]} Bd8
{[%clk 00:08:56]} {[%emt 00:01:43]} 55. Kg2 {[%clk 00:06:41]} {[%emt 00:01:07]}
Nb6 {[%clk 00:08:21]} {[%emt 00:01:05]} 56. Bd2 {[%clk 00:06:35]} {[%emt
00:00:36]} Ne4 {[%clk 00:08:22]} {[%emt 00:00:29]} 57. Bb4 {[%clk 00:05:17]}
{[%emt 00:01:48]} Qc7 {[%clk 00:07:15]} {[%emt 00:01:37]} 58. Qh4 {[%clk
00:05:34]} {[%emt 00:00:13]} Qg7 {[%clk 00:06:57]} {[%emt 00:00:48]} 59. Rh1
{[%clk 00:05:01]} {[%emt 00:01:03]} Nc4 {[%clk 00:05:38]} {[%emt 00:01:49]} 60.
Bxe4 {[%clk 00:04:02]} {[%emt 00:01:29]} fxe4 {[%clk 00:04:59]} {[%emt
00:01:09]} 61. Qh3 {[%clk 00:04:06]} {[%emt 00:00:27]} Kf7 {[%clk 00:03:43]}
{[%emt 00:01:45]} 62. Bc5 {[%clk 00:04:35]} e3 {[%clk 00:01:24]} {[%emt
00:02:50]} 63. Qh8 {[%clk 00:04:05]} {[%emt 00:00:59]} Qxh8 {[%clk 00:01:09]}
{[%emt 00:00:45]} 64. Rxh8 {[%clk 00:04:34]} {[%emt 00:00:01]} Nd2 {[%clk
00:01:38]} 65. Rxd8 {[%clk 00:04:33]} {[%emt 00:00:30]} 1-0

[Event "European Chess Club Cup 2023"]
[Site "Durres, Albania"]
[Date "2023.10.02"]
[Round "2.11"]
[White "Urkedal, Frode Olav Olsen"]
[Black "O`Donnell, Conor"]
[Result "1-0"]
[TimeControl "90' + 30' & 30\""]
[WhiteElo "2519"]
[BlackElo "2308"]

1. d4 {[%clk 01:29:16]} {[%emt 00:01:34]} Nf6 {[%clk 01:30:55]} {[%emt
00:00:16]} 2. c4 {[%clk 01:29:41]} {[%emt 00:00:05]} e6 {[%clk 01:31:15]}
{[%emt 00:00:09]} 3. Nf3 {[%clk 01:29:59]} {[%emt 00:00:12]} d5 {[%clk
01:31:27]} {[%emt 00:00:17]} 4. Nc3 {[%clk 01:30:23]} {[%emt 00:00:07]} c5
{[%clk 01:31:24]} {[%emt 00:00:32]} 5. cxd5 {[%clk 01:29:51]} {[%emt 00:01:03]}
cxd4 {[%clk 01:31:22]} {[%emt 00:00:32]} 6. Qxd4 {[%clk 01:30:15]} {[%emt
00:00:07]} exd5 {[%clk 01:31:31]} {[%emt 00:00:20]} 7. Bg5 {[%clk 01:30:18]}
{[%emt 00:00:27]} Be7 {[%clk 01:31:20]} {[%emt 00:00:41]} 8. e3 {[%clk
01:30:44]} {[%emt 00:00:06]} O-O {[%clk 01:31:10]} {[%emt 00:00:39]} 9. Be2
{[%clk 01:31:03]} {[%emt 00:00:11]} Nc6 {[%clk 01:29:29]} {[%emt 00:02:10]} 10.
Qd3 {[%clk 01:30:52]} {[%emt 00:00:42]} h6 {[%clk 01:27:34]} {[%emt 00:02:25]}
11. Bh4 {[%clk 01:31:18]} {[%emt 00:00:04]} Qb6 {[%clk 01:25:48]} {[%emt
00:02:15]} 12. Bxf6 {[%clk 01:21:45]} {[%emt 00:10:04]} Bxf6 {[%clk 01:20:44]}
{[%emt 00:05:33]} 13. O-O {[%clk 01:22:05]} {[%emt 00:00:10]} Rd8 {[%clk
01:17:26]} {[%emt 00:03:49]} 14. Nxd5 {[%clk 01:16:38]} {[%emt 00:05:57]} Qxb2
{[%clk 01:16:25]} {[%emt 00:01:31]} 15. Nxf6+ {[%clk 01:00:57]} {[%emt
00:16:11]} Qxf6 {[%clk 01:16:43]} {[%emt 00:00:10]} 16. Qa3 {[%clk 01:00:49]}
{[%emt 00:00:39]} b6 {[%clk 01:09:12]} {[%emt 00:08:00]} 17. Rac1 {[%clk
00:57:48]} {[%emt 00:03:32]} Bb7 {[%clk 01:06:15]} {[%emt 00:03:28]} 18. Ba6
{[%clk 00:51:00]} {[%emt 00:07:18]} Bxa6 {[%clk 01:05:00]} {[%emt 00:01:43]} 19.
Qxa6 {[%clk 00:51:25]} {[%emt 00:00:06]} Rd6 {[%clk 00:54:49]} {[%emt
00:10:41]} 20. h3 {[%clk 00:50:03]} {[%emt 00:01:52]} Rad8 {[%clk 00:52:49]}
{[%emt 00:02:30]} 21. Qa4 {[%clk 00:49:39]} {[%emt 00:00:55]} g6 {[%clk
00:47:13]} {[%emt 00:06:05]} 22. Rc4 {[%clk 00:43:49]} {[%emt 00:06:21]} R8d7
{[%clk 00:37:53]} {[%emt 00:09:49]} 23. Rfc1 {[%clk 00:39:31]} {[%emt
00:04:47]} Ne5 {[%clk 00:36:51]} {[%emt 00:01:33]} 24. Rc8+ {[%clk 00:32:01]}
{[%emt 00:08:01]} Kg7 {[%clk 00:36:15]} {[%emt 00:01:06]} 25. Nd4 {[%clk
00:31:12]} {[%emt 00:01:19]} Nd3 {[%clk 00:35:30]} {[%emt 00:01:13]} 26. R1c2
{[%clk 00:30:47]} {[%emt 00:00:57]} Nc5 {[%clk 00:33:07]} {[%emt 00:02:50]} 27.
Qa3 {[%clk 00:30:02]} {[%emt 00:01:18]} h5 {[%clk 00:27:39]} {[%emt 00:05:58]}
28. Ra8 {[%clk 00:29:03]} {[%emt 00:01:29]} a6 {[%clk 00:23:59]} {[%emt
00:04:09]} 29. Re8 {[%clk 00:21:02]} {[%emt 00:08:31]} Rd8 {[%clk 00:22:53]}
{[%emt 00:01:37]} 30. Rxd8 {[%clk 00:21:23]} {[%emt 00:00:08]} Qxd8 {[%clk
00:22:00]} {[%emt 00:01:23]} 31. Rc4 {[%clk 00:15:57]} {[%emt 00:05:57]} Kh7
{[%clk 00:21:17]} {[%emt 00:01:12]} 32. Qc3 {[%clk 00:13:50]} {[%emt 00:02:39]}
Qf6 {[%clk 00:20:20]} {[%emt 00:01:26]} 33. Qc2 {[%clk 00:13:39]} {[%emt
00:00:41]} Ne6 {[%clk 00:18:52]} {[%emt 00:01:57]} 34. Nxe6 {[%clk 00:12:51]}
{[%emt 00:01:18]} Qxe6 {[%clk 00:16:33]} {[%emt 00:02:49]} 35. Rf4 {[%clk
00:10:16]} {[%emt 00:03:06]} Kg8 {[%clk 00:14:22]} {[%emt 00:02:41]} 36. h4
{[%clk 00:08:05]} {[%emt 00:02:41]} Qd7 {[%clk 00:11:35]} {[%emt 00:03:15]} 37.
a4 {[%clk 00:07:19]} {[%emt 00:01:18]} Rd2 {[%clk 00:07:16]} {[%emt 00:04:48]}
38. Qc3 {[%clk 00:06:58]} {[%emt 00:00:51]} Rd3 {[%clk 00:06:37]} {[%emt
00:01:09]} 39. Qe5 {[%clk 00:06:58]} {[%emt 00:00:31]} b5 {[%clk 00:04:18]}
{[%emt 00:02:49]} 40. axb5 {[%emt 00:07:59]} Rd1+ {[%clk 00:00:42]} 41. Kh2
{[%clk 00:03:57]} {[%emt 00:00:06]} Qxb5 {[%clk 00:24:03]} {[%emt 00:07:10]} 42.
Qf6 {[%clk 00:30:21]} {[%emt 00:04:07]} Rd7 {[%clk 00:23:08]} {[%emt 00:01:25]}
43. e4 {[%clk 00:28:31]} {[%emt 00:02:20]} a5 {[%clk 00:22:05]} {[%emt
00:01:34]} 44. e5 {[%clk 00:24:51]} {[%emt 00:04:09]} Qb3 {[%clk 00:19:10]}
{[%emt 00:03:25]} 45. g4 {[%clk 00:13:19]} {[%emt 00:12:03]} Qe6 {[%clk
00:15:12]} {[%emt 00:04:27]} 46. Qxe6 {[%clk 00:10:40]} {[%emt 00:03:09]} fxe6
{[%clk 00:15:40]} {[%emt 00:00:02]} 47. Rf6 {[%clk 00:10:59]} {[%emt 00:00:12]}
a4 {[%clk 00:02:58]} {[%emt 00:13:12]} 48. Rxe6 {[%clk 00:09:28]} {[%emt
00:02:00]} Kf7 {[%clk 00:01:25]} {[%emt 00:02:03]} 49. Rf6+ {[%clk 00:07:51]}
{[%emt 00:02:07]} Kg7 {[%clk 00:01:53]} {[%emt 00:00:03]} 50. gxh5 {[%clk
00:06:23]} {[%emt 00:01:57]} gxh5 {[%clk 00:02:19]} {[%emt 00:00:04]} 51. Ra6
{[%clk 00:06:09]} {[%emt 00:00:45]} Rd4 {[%clk 00:02:42]} {[%emt 00:00:07]} 52.
Kg3 {[%clk 00:03:43]} {[%emt 00:02:55]} Rg4+ {[%clk 00:02:59]} {[%emt
00:00:13]} 53. Kf3 {[%clk 00:03:50]} {[%emt 00:00:24]} Rxh4 {[%clk 00:03:27]}
{[%emt 00:00:02]} 54. Ke3 {[%clk 00:04:14]} {[%emt 00:00:06]} a3 {[%clk
00:00:34]} {[%emt 00:03:22]} 55. f4 {[%clk 00:03:50]} {[%emt 00:00:54]} Rh1
{[%clk 00:00:32]} {[%emt 00:00:32]} 56. f5 {[%clk 00:02:09]} {[%emt 00:02:11]}
Rh4 {[%clk 00:00:42]} {[%emt 00:00:20]} 57. Ra7+ {[%clk 00:02:29]} {[%emt
00:00:10]} Kf8 {[%clk 00:00:35]} {[%emt 00:00:37]} 58. f6 {[%clk 00:02:15]}
{[%emt 00:00:45]} Rh1 {[%clk 00:00:54]} {[%emt 00:00:10]} 59. Kf4 {[%clk
00:02:22]} {[%emt 00:00:23]} Rf1+ {[%clk 00:00:46]} {[%emt 00:00:38]} 60. Kg5
{[%clk 00:02:45]} {[%emt 00:00:08]} a2 {[%clk 00:00:46]} {[%emt 00:00:30]} 61.
Rxa2 {[%clk 00:02:35]} {[%emt 00:00:40]} Kf7 {[%clk 00:00:57]} {[%emt
00:00:18]} 62. Ra7+ {[%clk 00:02:54]} {[%emt 00:00:12]} Ke6 {[%clk 00:01:16]}
{[%emt 00:00:11]} 63. Re7+ {[%clk 00:03:17]} {[%emt 00:00:07]} Kd5 {[%clk
00:01:41]} {[%emt 00:00:04]} 64. Kxh5 {[%clk 00:02:10]} {[%emt 00:01:37]} 1-0